00433nam a2200145Ia 4500008004100000020001800041082001400059100002400073245001700097260001200114500001100126942000700137952012800144999001500272260604s9999 xx 000 0 und d a9781529935363 a813.6 FRA aDani francis935905 0aSilver Elite bDel Rey aSilver cBK 00104070aIIMVbIIMVcGENERALd2026-06-04g899.00l0o813.6 FRAp004363r2026-06-04 10:21:28v899.00w2026-06-04yBKBFRA c8745d8745